000 00572nam a2200181Ia 4500
005 20250508165323.0
008 008 250505s9999 xx 000 0 eng d
037 _aDissertations
040 _aFEDL
_beng
_cFEDL
041 _aeng
_2eng
084 _a507, SIN/DI
_qFEDL
100 _aSingh Rajeev Ranjan
_9780494
245 0 _aScience education as career choice in government school: Students' predicaments
260 _c2013
546 _aM.Ed. Dissertation, (Delhi University); C D Included
942 _cDIS
_h507, SIN/DI
999 _c1394436
_d1394436